The history of the Universities' Mission to Central Africa / (Record no. 216592)
[ view plain ]
| 000 -LEADER | |
|---|---|
| fixed length control field | 00772nam a22002057a 4500 |
| 005 - DATE AND TIME OF LATEST TRANSACTION | |
| control field | 20260414105400.0 |
| 008 - FIXED-LENGTH DATA ELEMENTS--GENERAL INFORMATION | |
| fixed length control field | 260414b |||||||| |||| 00| 0 eng d |
| 040 ## - CATALOGING SOURCE | |
| Original cataloging agency | LC |
| Transcribing agency | UNZA |
| Modifying agency | UNZA |
| Description conventions | RDA |
| 050 ## - LIBRARY OF CONGRESS CALL NUMBER | |
| Classification number | ZAMB BV3520 |
| Item number | AND 1909 |
| 100 ## - MAIN ENTRY--PERSONAL NAME | |
| Personal name | Anderson-Morshead, A. E. M. |
| 245 ## - TITLE STATEMENT | |
| Title | The history of the Universities' Mission to Central Africa / |
| Statement of responsibility, etc. | ,A. E. M. Anderson-Morshead |
| 250 ## - EDITION STATEMENT | |
| Edition statement | New and revised edition. |
| 260 ## - PUBLICATION, DISTRIBUTION, ETC. | |
| Place of publication, distribution, etc. | London : |
| Name of publisher, distributor, etc. | The Universities' Mission to Central Africa. |
| Date of publication, distribution, etc. | 1909. |
| 300 ## - PHYSICAL DESCRIPTION | |
| Extent | 448 Pages : |
| Other physical details | illustrations. |
| Accompanying material | Map. |
| 504 ## - BIBLIOGRAPHY, ETC. NOTE | |
| Bibliography, etc. note | Includes the map. |
| 610 ## - SUBJECT ADDED ENTRY--CORPORATE NAME | |
| Corporate name or jurisdiction name as entry element | Universities' Mission to Central Africa. |
| 650 ## - SUBJECT ADDED ENTRY--TOPICAL TERM | |
| Topical term or geographic name entry element | Church of England |
| General subdivision | Missions |
| Geographic subdivision | Africa, Central. |
| 650 ## - SUBJECT ADDED ENTRY--TOPICAL TERM | |
| Topical term or geographic name entry element | Church of Africa |
| General subdivision | Missions |
| Geographic subdivision | Africa, Central. |
| 942 ## - ADDED ENTRY ELEMENTS (KOHA) | |
| Koha item type | Zambian collection |
| 999 ## - | |
| -- | 216592 |
| -- | 216592 |
| Withdrawn status | Lost status | Source of classification or shelving scheme | Damaged status | Not for loan | Home library | Current library | Shelving location | Date acquired | Total Checkouts | Full call number | Barcode | Date last seen | Copy number | Price effective from | Koha item type |
|---|---|---|---|---|---|---|---|---|---|---|---|---|---|---|---|
| Library of Congress Classification | Main Library | Main Library | Special collections | 04/14/2026 | ZAMB BV3520 AND 1909 | 33729001861728 | 04/14/2026 | C.1 | 04/14/2026 | Zambian collection |